000 00733nmc a2200241 a 4500
003 AR-BaBNM
005 20251128211249.0
008 083020s2001 ||||||||||||||000 | spa||
020 _a84-277-1346-0
040 _cAR-BaBNM
245 1 0 _aEvaluación psicopedagógica de 0 a 6 años
_bobservar, analizar e interpretar el comportamiento infantil
260 _aMadrid
_bNarcea
_c2001
300 _a173 p.
490 0 _aPrimeros años
500 _aContiene información sobre las autoras p. 173
650 4 _aEVALUACION PSICOLOGICA
653 0 _aPSICOPEDAGOGIA
653 _aEDUCACION INICIAL
700 1 _aBarros de Olivera, Vera
_ecoordinador
700 1 _aBossa, Nádia A.
_ecoordinador
942 _cBK
998 _craquel
999 _c18911
_d18911